Bravo - The Hits 2007 - Statistiken

Allgemein
  • Dieses Quiz wurde 152 mal gespielt
  • Das Durchschnittsergebnis liegt bei 15 aus 41
Antwortstatistiken
Song Interpret % Korrekt
Umbrella Rihanna feat. Jay-Z
99%
Ein Stern (Der Deinen Namen Trägt) DJ Ötzi
89%
Hamma! Culcha Candela
87%
Vom Selben Stern Ich + Ich
81%
Rehab Amy Winehouse
75%
Dear Mr. President P!nk
72%
Gimme More Britney Spears
64%
Big Girls Don't Cry Fergie
58%
All Good Things (Come To An End) Nelly Furtado
57%
The Sweet Escape Gwen Stefani feat. Akon
56%
Stronger Kanye West
54%
Grace Kelly Mika
49%
Beautiful Girls Sean Kingston
46%
Prison Break Anthem (Ich Glaub An Dich) Azad Feat. Adel Tawil
45%
1973 James Blunt
40%
Hot Summer Monrose
40%
About You Now Sugababes
38%
Du Hast Den Schönsten Arsch Der Welt Alex C. Feat. Y-Ass
37%
Lovestoned Justin Timberlake
37%
Give It To Me Timbaland feat. Nelly Furtado & Justin Timberlake
34%
I Wanna Love You Akon feat. Snoop Dogg
32%
Vayamos Companeros Marquess
32%
Hurt Christina Aguilera
28%
Soulmate Natasha Bedingfield
28%
Ruby Kaiser Chiefs
27%
Do You Know? (The Ping Pong Song) Enrique Iglesias
26%
Makes Me Wonder Maroon 5
26%
Summer Wine Ville Valo & Natalia Avelon
25%
Now Or Never Mark Medlock
21%
Bubbly Colbie Caillat
19%
Baby Love Nicole Scherzinger feat. Will.I.Am
16%
Rule The World Take That
16%
An Deiner Seite (Ich Bin Da) Tokio Hotel
16%
Que Hiciste Jennifer Lopez
15%
Hot Avril Lavigne
13%
Amore Per Sempre Nevio
12%
Just Hold Me Maria Mena
10%
When Did Your Heart Go Missing? Rooney
10%
Proper Education Eric Prydz Vs. Floyd
9%
Ich Kann Nix Dafür Nena, Olli & Remmler
9%
Silencio David Bisbal
4%
Keine übereinstimmenden Quizze gefunden
Verteilung der Resultate
Anzahl Personen mit jedem Resultat
Perzentil nach korrekt beantworteten Fragen
Ihre Resultats-Entwicklung
Sie haben dieses Quiz noch nicht gespielt